000 00606naa a2200193 4500
001 129304
003 ES-MaBCM
005 20241016144359.0
008 060623s2006 fra|r0p 0 ||fre d
021 _axx
035 _a(OCoLC)1365204312
040 _cES-MaBCM
100 1 _aLacroix, Laurent
_972132
245 0 0 _aBolivie
_b: refondation du modèle national et tensions politiques
_cLaurent Lacroix
651 1 4 _aBolivia
_9115492
650 1 7 _aSituación política
_960283
773 0 _aEn:
_tLes études de la documentation française
_dParis
_w105612
_gNº 5233-5234 (2006), p. 83-98
942 _cAREV
999 _c129304
_d129304